[Event "3MCR_3DW_1L_3S"]
[Site "?"]
[Date "2009.??.??"]
[Round "?"]
[White "Splichal, Josef"]
[Black "Tyrlik, Jaroslav"]
[Result "1-0"]
[WhiteElo "2204"]
[BlackElo "2039"]
[Annotator "017"]
[PlyCount "109"]
[EventDate "2009.??.??"]
[EventType "corr"]
[SourceDate "2002.06.29"]

1. e4 e5 2. Nf3 Nf6 3. Nxe5 d6 4. Nf3 Nxe4 5. d4 d5 6. Bd3 Be7 7. O-O O-O 8.
Re1 Nf6 9. a3 Re8 10. Bf4 Nbd7 11. h3 a6 12. Nc3 Nf8 13. Qd2 Ne6 14. Bh2 c6 15.
Re2 a5 16. Rae1 b5 17. Nb1 b4 18. Be5 Nd7 19. Bh2 c5 20. c3 c4 21. Bf5 Nf6 22.
Be5 Ne4 23. Bxe4 dxe4 24. Rxe4 Bb7 25. R4e3 Qd5 26. Qd1 Bg5 27. R3e2 Be7 28.
Bg3 Qb5 29. Ne5 Bd5 30. Ng4 Rad8 31. axb4 axb4 32. Nd2 Bg5 33. h4 Bxd2 34. Qxd2
Qc6 35. f3 Ra8 36. cxb4 Rec8 37. Be5 f5 38. Ne3 Rf8 39. Qc2 f4 40. Nxd5 Qxd5
41. Qe4 Rad8 42. Qxd5 Rxd5 43. Rc2 Nxd4 44. Rxc4 Re8 45. Rc5 Rxc5 46. bxc5 Nc6
47. Bc3 Rxe1+ 48. Bxe1 Kf7 49. b4 Ke6 50. Bc3 g6 51. b5 Ne7 52. Kf2 Kd5 53. Bf6
Nf5 54. b6 Kc6 55. Bg5 1-0

[Event "3MCR_3DW_1L_3S"]
[Site "?"]
[Date "2009.??.??"]
[Round "?"]
[White "Pravec, Ladislav"]
[Black "Glaser, Karel"]
[Result "1/2-1/2"]
[WhiteElo "2338"]
[BlackElo "2202"]
[Annotator "018"]
[PlyCount "67"]
[EventDate "2009.??.??"]
[EventType "corr"]
[SourceDate "2002.06.29"]

1. d4 Nf6 2. c4 e6 3. Nf3 d5 4. Nc3 c6 5. e3 Nbd7 6. Qc2 Bd6 7. Bd3 dxc4 8.
Bxc4 O-O 9. O-O b5 10. Be2 Bb7 11. Rd1 Qc7 12. e4 e5 13. dxe5 Nxe5 14. Nd4 Neg4
15. g3 Bc5 16. Bxg4 Nxg4 17. Nce2 Qb6 18. a4 bxa4 19. Rxa4 Rfe8 20. f3 Ne5 21.
Kg2 a5 22. Nf5 Ba6 23. Bf4 Rab8 24. Ned4 Bf8 25. Ne3 c5 26. Nd5 Qxb2 27. Rd2
Qxc2 28. Nxc2 Nc4 29. Bxb8 Nxd2 30. Bf4 Bb7 31. Bxd2 Bxd5 32. Rxa5 Bc6 33. Ra6
Bb5 34. Rb6 1/2-1/2

[Event "3MCR_3DW_1L_3S"]
[Site "?"]
[Date "2009.??.??"]
[Round "?"]
[White "Pravec, Ladislav"]
[Black "Cakl, Miloslav"]
[Result "1-0"]
[WhiteElo "2338"]
[BlackElo "2041"]
[Annotator "019"]
[PlyCount "77"]
[EventDate "2009.??.??"]
[EventType "corr"]
[SourceDate "2002.06.29"]

1. d4 Nf6 2. c4 e6 3. Nf3 b6 4. g3 Bb7 5. Bg2 Bb4+ 6. Bd2 Qe7 7. O-O O-O 8. Bf4
d5 9. c5 bxc5 10. a3 Ba5 11. dxc5 c6 12. Bd6 Qd8 13. Bxf8 Qxf8 14. b4 Bc7 15.
Nbd2 e5 16. e4 d4 17. Re1 Nbd7 18. Nc4 Qb8 19. Nxd4 exd4 20. Qxd4 Be5 21. Nxe5
Nxe5 22. f4 Ng6 23. e5 Nd5 24. Bxd5 cxd5 25. e6 Qe8 26. exf7+ Qxf7 27. b5 Rd8
28. c6 Bc8 29. a4 Nf8 30. a5 Ne6 31. Qb4 d4 32. Re5 Qc7 33. Qc4 Kf8 34. Rxe6
Bxe6 35. Qxe6 d3 36. Qf5+ Kg8 37. Qe5 Qxe5 38. fxe5 d2 39. Rd1 1-0

[Event "3MCR_3DW_1L_3S"]
[Site "?"]
[Date "2009.??.??"]
[Round "?"]
[White "Splichal, Josef"]
[Black "Cakl, Miloslav"]
[Result "1-0"]
[WhiteElo "2204"]
[BlackElo "2041"]
[Annotator "020"]
[PlyCount "125"]
[EventDate "2009.??.??"]
[EventType "corr"]
[SourceDate "2002.06.29"]

1. e4 c5 2. Nf3 d6 3. d4 cxd4 4. Nxd4 Nf6 5. Nc3 a6 6. Be2 e5 7. Nb3 Be7 8. Be3
O-O 9. O-O Be6 10. Nd5 Nxe4 11. Bb6 Qd7 12. Nc7 Nc6 13. Nxa8 Rxa8 14. c4 a5 15.
a4 Qe8 16. Nd2 Nc5 17. Bf3 Nb4 18. Bxc5 dxc5 19. Qe2 Rd8 20. Bxb7 Qd7 21. Bd5
Bxd5 22. cxd5 Qxd5 23. Nc4 Nd3 24. b3 f5 25. Nxa5 e4 26. Nc4 Bf6 27. Ra2 f4 28.
Qg4 f3 29. gxf3 exf3 30. a5 h5 31. Nb6 Qxb3 32. Qc4+ Qxc4 33. Nxc4 Nb4 34. Ra3
Rd4 35. Ne3 Rd8 36. Rd1 Bd4 37. Rb1 Rd7 38. Nc4 Re7 39. Nd2 Ra7 40. Nxf3 Bf6
41. Nd2 g6 42. Kg2 Kg7 43. Nc4 g5 44. Ra4 Kg6 45. Rd1 Kf5 46. Rd6 Be7 47. Rh6
h4 48. a6 Nd5 49. Nd6+ Bxd6 50. Rxd6 Ke5 51. Rc6 Nf4+ 52. Kf3 Nd3 53. Rb6 Nb4
54. Ra5 Kd4 55. Kg4 Kc4 56. Kxg5 Rg7+ 57. Kxh4 Nxa6 58. Raxa6 Rg2 59. Ra4+ Kd5
60. Rf6 Rxh2+ 61. Kg3 Rh5 62. f4 Rh1 63. Rf5+ 1-0

[Event "3MCR_3DW_1L_3S"]
[Site "?"]
[Date "2009.??.??"]
[Round "?"]
[White "Tunega, Frantisek"]
[Black "Tomisek, Petr"]
[Result "1/2-1/2"]
[WhiteElo "2003"]
[BlackElo "2166"]
[Annotator "021"]
[PlyCount "98"]
[EventDate "2009.??.??"]
[EventType "corr"]
[SourceDate "2002.06.29"]

1. e4 e5 2. Nf3 Nc6 3. Bb5 f5 4. Nc3 fxe4 5. Nxe4 d5 6. Nxe5 dxe4 7. Nxc6 Qg5
8. Qe2 Nf6 9. f4 Qxf4 10. Ne5+ c6 11. d4 Qh4+ 12. g3 Qh3 13. Bc4 Be6 14. Bg5
Bd6 15. O-O-O O-O-O 16. Bxe6+ Qxe6 17. Qc4 Qxc4 18. Nxc4 Bc7 19. Rhf1 Rdf8 20.
Bxf6 Rxf6 21. Rxf6 gxf6 22. Rf1 h5 23. Kd2 h4 24. Ke3 Rh6 25. Nd2 hxg3 26. hxg3
Bxg3 27. Nxe4 Bh4 28. Rg1 b6 29. Rg8+ Kb7 30. Rg7+ Kb8 31. Nd6 Bg5+ 32. Ke4
Rh4+ 33. Kf5 Bf4 34. Rg8+ Kc7 35. Ne8+ Kb7 36. c3 Bb8 37. Rg2 c5 38. dxc5 Rh5+
39. Kxf6 Rxc5 40. Re2 a5 41. Ng7 b5 42. Nf5 b4 43. cxb4 Rc6+ 44. Ke7 axb4 45.
b3 Ra6 46. Kf7 Ra5 47. Ne7 Kb6 48. Rc2 Rc5 49. Rf2 Bd6 1/2-1/2

[Event "3MCR_3DW_1L_3S"]
[Site "?"]
[Date "2009.??.??"]
[Round "?"]
[White "Tyrlik, Jaroslav"]
[Black "Cakl, Miloslav"]
[Result "0-1"]
[WhiteElo "2039"]
[BlackElo "2041"]
[Annotator "022"]
[PlyCount "68"]
[EventDate "2009.??.??"]
[EventType "corr"]
[SourceDate "2002.06.29"]

1. e4 c5 2. Nf3 d6 3. d4 cxd4 4. Nxd4 Nf6 5. Nc3 a6 6. Be2 e5 7. Nf3 Nc6 8. O-O
Be7 9. Be3 O-O 10. Qd2 Be6 11. Rfd1 Rc8 12. Ng5 Bd7 13. a3 h6 14. Nf3 Na5 15.
Qe1 Qc7 16. Nd2 Be6 17. f3 b5 18. Qg3 Nh5 19. Qf2 Rb8 20. g3 Nf6 21. f4 Bh3 22.
Rac1 Nc4 23. Nxc4 bxc4 24. b4 cxb3 25. cxb3 Qa5 26. Bc4 Qxa3 27. Ra1 Qb4 28.
Qe1 exf4 29. gxf4 Be6 30. Ra4 Qb7 31. Bd4 Bxc4 32. bxc4 Rfc8 33. Qg3 Qc6 34.
Rb1 Rxb1+ 0-1

[Event "3MCR_3DW_1L_3S"]
[Site "?"]
[Date "2009.??.??"]
[Round "?"]
[White "Svoboda, Frantisek"]
[Black "Tomisek, Petr"]
[Result "1/2-1/2"]
[WhiteElo "2374"]
[BlackElo "2166"]
[Annotator "023"]
[PlyCount "54"]
[EventDate "2009.??.??"]
[EventType "corr"]
[SourceDate "2002.06.29"]

1. c4 c5 2. Nf3 Nf6 3. Nc3 Nc6 4. d4 cxd4 5. Nxd4 e6 6. g3 Qb6 7. Ndb5 Ne5 8.
Bf4 Nfg4 9. e3 a6 10. h3 axb5 11. hxg4 Nxc4 12. Qb3 d5 13. Bxc4 dxc4 14. Qxb5+
Qxb5 15. Nxb5 Bb4+ 16. Ke2 Ke7 17. a3 Ra5 18. Nd4 Bc5 19. Bc7 Ra8 20. g5 Bd7
21. Rac1 b5 22. Nf3 h5 23. gxh6 Rxh6 24. Rxh6 gxh6 25. Bf4 f6 26. e4 e5 27. Be3
Bxe3 1/2-1/2

[Event "3MCR_3DW_1L_1S"]
[Site "?"]
[Date "2009.??.??"]
[Round "?"]
[White "Binas, Jindrich"]
[Black "Valak, Alois"]
[Result "1/2-1/2"]
[WhiteElo "2249"]
[BlackElo "2326"]
[Annotator "001"]
[PlyCount "46"]
[EventDate "2009.??.??"]
[EventType "corr"]
[SourceDate "2002.06.29"]

1. e4 e5 2. Nf3 Nc6 3. Bb5 Nf6 4. O-O Bc5 5. Nxe5 Nxe5 6. d4 c6 7. dxe5 Nxe4 8.
Bd3 d5 9. exd6 Nf6 10. Bg5 Bxd6 11. Nc3 Be6 12. Qf3 h6 13. Bh4 g5 14. Bg3 Bxg3
15. fxg3 Qb6+ 16. Qf2 Nd7 17. Rae1 Qxf2+ 18. Rxf2 O-O-O 19. Bf5 Bxf5 20. Rxf5
f6 21. h3 Kc7 22. Kf2 Rde8 23. Re4 Kd6 1/2-1/2

[Event "3MCR_3DW_1L_1S"]
[Site "?"]
[Date "2009.??.??"]
[Round "?"]
[White "Kuta, Jiri"]
[Black "Houska, Jiri"]
[Result "1/2-1/2"]
[WhiteElo "2359"]
[BlackElo "2303"]
[Annotator "003"]
[PlyCount "46"]
[EventDate "2009.??.??"]
[EventType "corr"]
[SourceDate "2002.06.29"]

1. d4 Nf6 2. c4 g6 3. Nc3 Bg7 4. e4 d6 5. f3 O-O 6. Be3 c5 7. Nge2 Nc6 8. d5
Ne5 9. Ng3 e6 10. Be2 exd5 11. cxd5 a6 12. a4 Bd7 13. h3 b5 14. f4 Nc4 15. Bxc4
bxc4 16. O-O Re8 17. Qf3 Rb8 18. e5 Rxb2 19. exf6 Qxf6 20. Rac1 Qh4 21. Rfe1
Bxc3 22. Rxc3 Bxh3 23. gxh3 Qxh3 1/2-1/2

[Event "3MCR_3DW_1L_1S"]
[Site "?"]
[Date "2009.??.??"]
[Round "?"]
[White "Lounek, Jan"]
[Black "Hybl, Vladislav"]
[Result "1/2-1/2"]
[WhiteElo "2406"]
[BlackElo "2307"]
[Annotator "004"]
[PlyCount "30"]
[EventDate "2009.??.??"]
[EventType "corr"]
[SourceDate "2002.06.29"]

1. e4 c5 2. Nf3 d6 3. d4 cxd4 4. Nxd4 Nf6 5. Nc3 a6 6. Be3 e5 7. Nf3 Be7 8. Bc4
O-O 9. O-O Be6 10. Qe2 Bxc4 11. Qxc4 b5 12. Qd3 Nbd7 13. a3 Qc7 14. h3 Nc5 15.
Bxc5 dxc5 1/2-1/2

[Event "3MCR_3DW_1L_1S"]
[Site "?"]
[Date "2009.??.??"]
[Round "?"]
[White "Houska, Jiri"]
[Black "Binas, Jindrich"]
[Result "1-0"]
[WhiteElo "2303"]
[BlackElo "2249"]
[Annotator "005"]
[PlyCount "41"]
[EventDate "2009.??.??"]
[EventType "corr"]
[SourceDate "2002.06.29"]

1. d4 Nf6 2. c4 e6 3. Nf3 b6 4. g3 Ba6 5. b3 Bb4+ 6. Bd2 Be7 7. Bg2 c6 8. Bc3
d5 9. Nbd2 Nbd7 10. O-O c5 11. dxc5 Nxc5 12. cxd5 exd5 13. b4 Ncd7 14. Nd4 O-O
15. Rc1 Bb7 16. Nf5 g6 17. Nxe7+ Qxe7 18. Nc4 Rfc8 19. Ne3 Ne4 20. Ba1 Rxc1 21.
Qxc1 1-0

[Event "3MCR_3DW_1L_1S"]
[Site "?"]
[Date "2009.??.??"]
[Round "?"]
[White "Kuta, Jiri"]
[Black "Lounek, Jan"]
[Result "1/2-1/2"]
[WhiteElo "2359"]
[BlackElo "2406"]
[Annotator "006"]
[PlyCount "45"]
[EventDate "2009.??.??"]
[EventType "corr"]
[SourceDate "2002.06.29"]

1. d4 Nf6 2. c4 e6 3. Nc3 Bb4 4. Qc2 O-O 5. a3 Bxc3+ 6. Qxc3 b6 7. Bg5 Bb7 8.
f3 h6 9. Bh4 d5 10. e3 Nbd7 11. cxd5 Nxd5 12. Bxd8 Nxc3 13. Bh4 Nd5 14. Bf2 c5
15. e4 Ne7 16. Bb5 Bc6 17. Bxc6 Nxc6 18. Ne2 cxd4 19. Nxd4 Nxd4 20. Bxd4 Rac8
21. O-O e5 22. Be3 Nc5 23. Bxc5 1/2-1/2

[Event "3MCR_3DW_1L_1S"]
[Site "?"]
[Date "2009.??.??"]
[Round "?"]
[White "Lounek, Jan"]
[Black "Valak, Alois"]
[Result "1/2-1/2"]
[WhiteElo "2406"]
[BlackElo "2326"]
[Annotator "007"]
[PlyCount "53"]
[EventDate "2009.??.??"]
[EventType "corr"]
[SourceDate "2002.06.29"]

1. e4 e5 2. Nf3 Nc6 3. Bb5 Nf6 4. O-O Bc5 5. c3 O-O 6. d4 Bb6 7. Bg5 h6 8. Bh4
d6 9. a4 a5 10. Re1 exd4 11. Bxc6 bxc6 12. Nxd4 Re8 13. Nd2 g5 14. Bg3 c5 15.
Nb5 Bb7 16. e5 dxe5 17. Nc4 Qd5 18. Qxd5 Nxd5 19. Nxb6 cxb6 20. Nd6 Re7 21.
Nxb7 Rxb7 22. Rad1 Nf4 23. Rxe5 f6 24. Re3 b5 25. axb5 Rxb5 26. Bxf4 gxf4 27.
Re2 1/2-1/2

[Event "3MCR_3DW_1L_1S"]
[Site "?"]
[Date "2009.??.??"]
[Round "?"]
[White "Lounek, Jan"]
[Black "Nepustil, Frantisek"]
[Result "1/2-1/2"]
[WhiteElo "2406"]
[BlackElo "2322"]
[Annotator "008"]
[PlyCount "47"]
[EventDate "2009.??.??"]
[EventType "corr"]
[SourceDate "2002.06.29"]

1. e4 c5 2. Nf3 Nc6 3. d4 cxd4 4. Nxd4 Nf6 5. Nc3 e5 6. Ndb5 d6 7. Bg5 a6 8.
Na3 b5 9. Bxf6 gxf6 10. Nd5 f5 11. Bd3 Be6 12. O-O Bxd5 13. exd5 Ne7 14. Nxb5
Bg7 15. Nc3 e4 16. Bc4 Ng6 17. Qh5 Bxc3 18. bxc3 Qf6 19. Qh6 Qxc3 20. Bb3 Ke7
21. Rab1 Rhg8 22. Kh1 a5 23. Ba4 Rab8 24. Rbe1 1/2-1/2

[Event "3MCR_3DW_1L_1S"]
[Site "?"]
[Date "2009.??.??"]
[Round "?"]
[White "Jandovsky, Viktor"]
[Black "Houska, Jiri"]
[Result "1/2-1/2"]
[WhiteElo "2285"]
[BlackElo "2303"]
[Annotator "009"]
[PlyCount "48"]
[EventDate "2009.??.??"]
[EventType "corr"]
[SourceDate "2002.06.29"]

1. e4 e6 2. d4 d5 3. Nc3 Bb4 4. e5 c5 5. a3 Bxc3+ 6. bxc3 Qc7 7. Qg4 f5 8. Qg3
Ne7 9. Qxg7 Rg8 10. Qxh7 cxd4 11. Ne2 Nbc6 12. Qh5+ Ng6 13. f4 dxc3 14. Be3 Bd7
15. Nd4 O-O-O 16. g3 Nxd4 17. Bxd4 Ba4 18. Bd3 Ne7 19. Rb1 Nc6 20. Bxc3 d4 21.
Bd2 Rh8 22. Qf3 Rh3 23. Bf1 Rh7 24. Bd3 Rh3 1/2-1/2

[Event "3MCR_3DW_1L_1S"]
[Site "?"]
[Date "2009.??.??"]
[Round "?"]
[White "Houska, Jiri"]
[Black "Makovsky, Petr"]
[Result "1/2-1/2"]
[WhiteElo "2303"]
[BlackElo "2324"]
[Annotator "010"]
[PlyCount "67"]
[EventDate "2009.??.??"]
[EventType "corr"]
[SourceDate "2002.06.29"]

1. e4 e5 2. Nf3 Nc6 3. Bb5 a6 4. Ba4 Nf6 5. O-O Be7 6. Re1 b5 7. Bb3 d6 8. c3
O-O 9. h3 Nb8 10. d4 Nbd7 11. Nbd2 Bb7 12. Bc2 Re8 13. Nf1 Bf8 14. Ng3 g6 15.
a4 c5 16. d5 c4 17. Bg5 h6 18. Be3 Nc5 19. Qd2 h5 20. Bg5 Be7 21. Ra3 Nfd7 22.
Be3 Bf6 23. Rea1 Qc7 24. Qe2 Nb6 25. axb5 axb5 26. Rxa8 Rxa8 27. Rxa8+ Bxa8 28.
Ng5 Nbd7 29. Nxh5 gxh5 30. Qxh5 Nf8 31. Bxc5 dxc5 32. Bd1 Qe7 33. d6 Qxd6 34.
Qxf7+ 1/2-1/2

[Event "3MCR_3DW_1L_1S"]
[Site "?"]
[Date "2009.??.??"]
[Round "?"]
[White "Sochor, Frantisek"]
[Black "Binas, Jindrich"]
[Result "1-0"]
[WhiteElo "2375"]
[BlackElo "2249"]
[Annotator "011"]
[PlyCount "43"]
[EventDate "2009.??.??"]
[EventType "corr"]
[SourceDate "2002.06.29"]

1. e4 c5 2. Nf3 Nc6 3. d4 cxd4 4. Nxd4 Nf6 5. Nc3 e5 6. Ndb5 d6 7. Bg5 a6 8.
Na3 b5 9. Nd5 Be7 10. Bxf6 Bxf6 11. c3 Bg5 12. Nc2 Ne7 13. h4 Bh6 14. a4 bxa4
15. Ncb4 O-O 16. Qxa4 a5 17. Bb5 Nxd5 18. Nxd5 Be6 19. Bc6 Rb8 20. b4 Kh8 21.
Qxa5 Qxa5 22. bxa5 1-0

[Event "3MCR_3DW_1L_2S"]
[Site "?"]
[Date "2009.??.??"]
[Round "?"]
[White "Mezera, Lukas"]
[Black "Schwarz, Jan"]
[Result "1/2-1/2"]
[WhiteElo "2213"]
[BlackElo "2251"]
[Annotator "013"]
[PlyCount "95"]
[EventDate "2009.??.??"]
[EventType "corr"]
[SourceDate "2002.06.29"]

1. e4 e5 2. Nf3 Nf6 3. Nxe5 d6 4. Nf3 Nxe4 5. Nc3 Nf6 6. d4 Be7 7. Bd3 O-O 8.
h3 Nc6 9. a3 h6 10. O-O Be6 11. Re1 Re8 12. Ne2 Bd5 13. Nd2 Be6 14. Nf4 Bd7 15.
c3 Bf8 16. Rxe8 Qxe8 17. Nf1 Na5 18. b3 c5 19. Ne3 b5 20. Bd2 Rc8 21. Bc2 Ne4
22. dxc5 dxc5 23. Be1 Rd8 24. Qd3 Bd6 25. Nfd5 Nxb3 26. Rd1 f5 27. Bxb3 c4 28.
Bxc4 bxc4 29. Nxc4 Ba4 30. Nxd6 Nxd6 31. Rb1 Bb5 32. Qd4 Bc6 33. a4 a6 34. Qc5
Kh7 35. Ne3 f4 36. Rb6 Bxa4 37. Rxd6 Rxd6 38. Qxd6 fxe3 39. Qd3+ Kh8 40. fxe3
Bc6 41. c4 Qe5 42. Qd4 Qe4 43. Qxe4 Bxe4 44. Bc3 h5 45. Kf2 Kg8 46. h4 g6 47.
g3 Bd3 48. c5 1/2-1/2

[Event "3MCR_3DW_1L_3S"]
[Site "?"]
[Date "2009.??.??"]
[Round "?"]
[White "Riha, Jan"]
[Black "Glaser, Karel"]
[Result "1/2-1/2"]
[WhiteElo "2275"]
[BlackElo "2202"]
[Annotator "024"]
[PlyCount "57"]
[EventDate "2009.??.??"]
[EventType "corr"]
[SourceDate "2002.06.29"]

1. e4 e5 2. Nf3 Nc6 3. Bb5 a6 4. Ba4 Nf6 5. O-O Be7 6. Re1 b5 7. Bb3 O-O 8. c3
d6 9. h3 Na5 10. Bc2 c5 11. d4 Nd7 12. Nbd2 exd4 13. cxd4 Nc6 14. Nf1 cxd4 15.
Nxd4 Nxd4 16. Qxd4 Ne5 17. Qd1 Bf6 18. Ne3 Be6 19. Nd5 Bxd5 20. exd5 g6 21. a4
Re8 22. Re2 Qc7 23. Kh1 Rec8 24. Bh6 Qc4 25. axb5 axb5 26. Rxa8 Rxa8 27. Re4
Qc5 28. Be3 Qc8 29. Bb3 1/2-1/2

[Event "3MCR_3DW_1L_3S"]
[Site "?"]
[Date "2009.??.??"]
[Round "?"]
[White "Alexa, Jaroslav"]
[Black "Pravec, Ladislav"]
[Result "1/2-1/2"]
[WhiteElo "2325"]
[BlackElo "2338"]
[Annotator "025"]
[PlyCount "46"]
[EventDate "2009.??.??"]
[EventType "corr"]
[SourceDate "2002.06.29"]

1. e4 c5 2. Nf3 Nc6 3. d4 cxd4 4. Nxd4 Nf6 5. Nc3 e5 6. Ndb5 d6 7. Bg5 a6 8.
Na3 b5 9. Bxf6 gxf6 10. Nd5 f5 11. Bxb5 axb5 12. Nxb5 Ra4 13. Nbc7+ Kd7 14. O-O
Rxe4 15. Qh5 Ne7 16. Qxf7 Kc6 17. c4 Qd7 18. Na8 Ng6 19. Nb4+ Kb7 20. Qd5+ Kb8
21. Nc6+ Kxa8 22. Qb5 Qb7 23. Qa5+ Qa6 1/2-1/2

[Event "3MCR_3DW_1L_3S"]
[Site "?"]
[Date "2009.??.??"]
[Round "?"]
[White "Riha, Jan"]
[Black "Tomisek, Petr"]
[Result "1/2-1/2"]
[WhiteElo "2275"]
[BlackElo "2166"]
[Annotator "026"]
[PlyCount "49"]
[EventDate "2009.??.??"]
[EventType "corr"]
[SourceDate "2002.06.29"]

1. e4 e5 2. Nf3 Nc6 3. Bb5 f5 4. Nc3 fxe4 5. Nxe4 d5 6. Nxe5 dxe4 7. Nxc6 Qg5
8. Qe2 Nf6 9. f4 Qxf4 10. Ne5+ c6 11. d4 Qh4+ 12. g3 Qh3 13. Bc4 Be6 14. Bg5
Bd6 15. Rf1 O-O 16. O-O-O Bxe5 17. dxe5 Bxc4 18. Qxc4+ Nd5 19. Rxf8+ Rxf8 20.
Qxe4 Qf5 21. Qxf5 Rxf5 22. c4 Rxg5 23. cxd5 Rxe5 24. dxc6 bxc6 25. Rd7 1/2-1/2

[Event "3MCR_3DW_1L_3S"]
[Site "?"]
[Date "2009.??.??"]
[Round "?"]
[White "Cakl, Miloslav"]
[Black "Tomisek, Petr"]
[Result "1/2-1/2"]
[WhiteElo "2041"]
[BlackElo "2166"]
[Annotator "027"]
[PlyCount "65"]
[EventDate "2009.??.??"]
[EventType "corr"]
[SourceDate "2002.06.29"]

1. Nf3 Nf6 2. d4 c5 3. d5 d6 4. Nc3 g6 5. e4 Bg7 6. Be2 Bg4 7. h3 Bxf3 8. Bxf3
a6 9. a4 Qa5 10. Ra3 O-O 11. O-O Nbd7 12. Be2 Rac8 13. Qd2 c4 14. Qg5 Rfe8 15.
Bd2 Nc5 16. Qh4 e6 17. Rd1 exd5 18. exd5 Qd8 19. Bxc4 Qd7 20. f3 Nce4 21. Bxa6
Nxc3 22. Bxc3 bxa6 23. Bxf6 Bxf6 24. Qxf6 Rxc2 25. Rb3 Qxa4 26. Rb7 Rc7 27. b3
Qa5 28. b4 Qa4 29. Rxc7 Qxd1+ 30. Kh2 Qxd5 31. Ra7 Qe5+ 32. Qxe5 dxe5 33. Rxa6
1/2-1/2

[Event "3MCR_3DW_1L_1S"]
[Site "?"]
[Date "2009.??.??"]
[Round "?"]
[White "Sochor, Frantisek"]
[Black "Lounek, Jan"]
[Result "1/2-1/2"]
[WhiteElo "2375"]
[BlackElo "2406"]
[Annotator "012"]
[PlyCount "55"]
[EventDate "2009.??.??"]
[EventType "corr"]
[SourceDate "2002.06.29"]

1. e4 c5 2. Nf3 Nc6 3. d4 cxd4 4. Nxd4 Nf6 5. Nc3 e5 6. Ndb5 d6 7. Bg5 a6 8.
Na3 b5 9. Nd5 Be7 10. Bxf6 Bxf6 11. c3 Bg5 12. Nc2 Ne7 13. h4 Bh6 14. a4 bxa4
15. Ncb4 O-O 16. Qxa4 Nxd5 17. Nxd5 a5 18. Bb5 Be6 19. Bc6 Rb8 20. b4 axb4 21.
cxb4 Bxd5 22. Bxd5 Qb6 23. Rb1 Kh8 24. O-O Bd2 25. b5 Bc3 26. Qa6 Bd4 27. Qxb6
Rxb6 28. Rfc1 1/2-1/2

[Event "3MCR_3DW_1L_2S"]
[Site "?"]
[Date "2009.??.??"]
[Round "?"]
[White "Sykora, Josef"]
[Black "Pirhala, Ladislav"]
[Result "1/2-1/2"]
[WhiteElo "2317"]
[BlackElo "2190"]
[Annotator "014"]
[PlyCount "108"]
[EventDate "2009.??.??"]
[EventType "corr"]
[SourceDate "2002.06.29"]

1. d4 Nf6 2. c4 e6 3. Nc3 Bb4 4. e3 O-O 5. Bd3 d5 6. Nf3 c5 7. O-O Nc6 8. a3
Bxc3 9. bxc3 Qc7 10. Bb2 dxc4 11. Bxc4 e5 12. h3 Bf5 13. Qe2 e4 14. Nd2 Rac8
15. Ba2 Rfd8 16. Rfd1 Qe7 17. Rac1 Bg6 18. Re1 h6 19. a4 b6 20. Ba3 Qe8 21. Nc4
Rd5 22. Rb1 Rg5 23. h4 Rd5 24. Rb5 Rcd8 25. Qf1 Ng4 26. f3 Rf5 27. f4 Qe7 28.
g3 Qd7 29. Rb2 h5 30. Bb3 Qc7 31. Reb1 Kh7 32. Bd1 f6 33. Rb5 cxd4 34. Bxg4
hxg4 35. cxd4 Rxb5 36. axb5 Ne7 37. Rc1 Qd7 38. Bxe7 Qxe7 39. Qe2 Qb4 40. Nd2
Qb2 41. Rc7 Rd5 42. Rxa7 Rxb5 43. Qd1 Qc3 44. Nf1 Qd3 45. Ra1 Rb2 46. d5 Rb3
47. Qxd3 Rxd3 48. Rb1 Bf7 49. Rxb6 Rxd5 50. Kf2 Ra5 51. Nd2 Ra2 52. Ke1 f5 53.
Rb7 Be6 54. Rb6 Bg8 1/2-1/2

[Event "3MCR_3DW_1L_3S"]
[Site "?"]
[Date "2009.??.??"]
[Round "?"]
[White "Alexa, Jaroslav"]
[Black "Cakl, Miloslav"]
[Result "1-0"]
[WhiteElo "2325"]
[BlackElo "2041"]
[Annotator "028"]
[PlyCount "77"]
[EventDate "2009.??.??"]
[EventType "corr"]
[SourceDate "2002.06.29"]

1. d4 Nf6 2. c4 e6 3. Nc3 Bb4 4. Nf3 c5 5. g3 Nc6 6. Bg2 Qa5 7. O-O Bxc3 8.
bxc3 Qxc3 9. Bf4 cxd4 10. Rc1 Qa5 11. Nxd4 e5 12. Bd2 Qxa2 13. Nxc6 dxc6 14.
Bb4 a5 15. Bc5 Nd7 16. Qd6 Nxc5 17. Qxc5 Be6 18. Rfd1 f6 19. Rb1 Qxc4 20. Qd6
Kf7 21. Rdc1 Rhd8 22. Qc7+ Rd7 23. Qxd7+ Bxd7 24. Rxc4 Ra7 25. Ra1 Ke7 26. Re4
c5 27. Rc4 b6 28. Rb1 b5 29. Rxc5 a4 30. Bc6 Bxc6 31. Rxc6 a3 32. Rc3 b4 33.
Rcb3 a2 34. Ra1 Ra4 35. Rb2 Kd6 36. Rbxa2 Rxa2 37. Rxa2 Kc5 38. Ra7 b3 39. Rxg7
1-0

[Event "3MCR_3DW_1L_2S"]
[Site "?"]
[Date "2009.??.??"]
[Round "?"]
[White "Kyhos, Alois"]
[Black "Kuchta, Jiri"]
[Result "1/2-1/2"]
[WhiteElo "2146"]
[BlackElo "2162"]
[Annotator "015"]
[PlyCount "44"]
[EventDate "2009.??.??"]
[EventType "corr"]
[SourceDate "2002.06.29"]

1. e4 c5 2. c3 d5 3. exd5 Qxd5 4. d4 Nf6 5. Nf3 Bg4 6. Be2 e6 7. Na3 Nc6 8. Be3
cxd4 9. Nb5 Qd7 10. Nbxd4 Bc5 11. Nxc6 Qxc6 12. Ne5 Bxe2 13. Qxe2 Qb6 14. Bg5
Rd8 15. Ng4 Be7 16. Nxf6+ Bxf6 17. Bxf6 gxf6 18. O-O Ke7 19. Qe4 Rd2 20. b3 e5
21. Qh4 Qa5 22. c4 Rxa2 1/2-1/2

[Event "3MCR_3DW_1L_3S"]
[Site "?"]
[Date "2009.??.??"]
[Round "?"]
[White "Tyrlik, Jaroslav"]
[Black "Riha, Jan"]
[Result "1/2-1/2"]
[WhiteElo "2039"]
[BlackElo "2275"]
[Annotator "029"]
[PlyCount "57"]
[EventDate "2009.??.??"]
[EventType "corr"]
[SourceDate "2002.06.29"]

1. e4 e5 2. Nf3 Nf6 3. d4 Nxe4 4. Bd3 d5 5. Nxe5 Nd7 6. O-O Nxe5 7. dxe5 Nc5 8.
Be2 Be7 9. Be3 O-O 10. c4 dxc4 11. Bxc4 Be6 12. Bxe6 Nxe6 13. Nc3 Bc5 14. Bxc5
Nxc5 15. Qe2 Qd3 16. Qg4 Rad8 17. Rad1 Qa6 18. Nd5 Qe6 19. Qxe6 Nxe6 20. f4 c6
21. Ne7+ Kh8 22. g3 g6 23. f5 Nd4 24. Kg2 gxf5 25. h3 Rfe8 26. Nxf5 Nxf5 27.
Rxd8 Rxd8 28. Rxf5 Kg7 29. g4 1/2-1/2

[Event "3MCR_3DW_1L_1S"]
[Site "?"]
[Date "2009.??.??"]
[Round "?"]
[White "Nepustil, Frantisek"]
[Black "Kaas, Jaroslav"]
[Result "1/2-1/2"]
[WhiteElo "2322"]
[BlackElo "1800"]
[Annotator "013"]
[PlyCount "51"]
[EventDate "2009.??.??"]
[EventType "corr"]
[SourceDate "2002.06.29"]

1. e4 c5 2. Nf3 e6 3. d4 cxd4 4. Nxd4 Nf6 5. Nc3 d6 6. g4 h6 7. g5 hxg5 8. Bxg5
Nc6 9. Qd2 Qb6 10. Nb3 Ne5 11. Qe2 Bd7 12. f4 Ng6 13. f5 Ne5 14. O-O-O a6 15.
Nd4 O-O-O 16. h4 Re8 17. fxe6 fxe6 18. Bh3 Kb8 19. Rhf1 Qc5 20. Kb1 Nc4 21. Ka1
Qc7 22. Qd3 Ne5 23. Qg3 Nc4 24. Rf2 Qb6 25. Bc1 Nh5 26. Qd3 1/2-1/2

[Event "3MCR_3DW_1L_1S"]
[Site "?"]
[Date "2009.??.??"]
[Round "?"]
[White "Houska, Jiri"]
[Black "Lounek, Jan"]
[Result "1/2-1/2"]
[WhiteElo "2303"]
[BlackElo "2406"]
[Annotator "014"]
[PlyCount "61"]
[EventDate "2009.??.??"]
[EventType "corr"]
[SourceDate "2002.06.29"]

1. e4 c5 2. Nf3 Nc6 3. Nc3 d6 4. d4 cxd4 5. Nxd4 Nf6 6. Bg5 e6 7. Qd2 a6 8.
O-O-O Bd7 9. f3 Be7 10. Be3 O-O 11. g4 Nxd4 12. Qxd4 Bc6 13. Qd2 b5 14. h4 Nd7
15. g5 Ne5 16. f4 Ng4 17. Bh3 Nxe3 18. Qxe3 Qc7 19. f5 b4 20. Ne2 exf5 21. Bxf5
g6 22. Nd4 Bb7 23. Bh3 Rae8 24. Bg2 Bd8 25. Qd3 Re5 26. Kb1 Be7 27. h5 Bxg5 28.
hxg6 fxg6 29. Qb3+ Kg7 30. Nf3 Rc5 31. Nd4 1/2-1/2